000 00692nam a2200229 a 4500
001 19914
003 BD-RjUL
005 20211209000509.0
008 160619s1985 bg b 000 0 eng
035 _a(BD-RjUL)19975
040 _aDLC
_cDLC
_dDLC
_dBD-RjUL
_beng
041 _aeng
082 0 0 _a337.159
_223
_bRAP 1985
100 1 _aRahman, Atiur
_913753
245 1 0 _aPolitical economy of SARC /
_cAtiur Rahman.
260 _aDhaka :
_bUniversity Press Ltd.,
_c1985.
300 _ax, 99 p. ;
_c22 cm.
610 2 0 _aSouth Asian Regional Cooperation.
_9132154
651 0 _aSouth Asia
_xEconomic conditions.
_96735
651 0 _aSouth Asia
_xForeign economic relations.
_961203
942 _2ddc
_cBK
999 _c19914
_d19914